000 00654nam a2200217Ii 4500
003 JO-AjNU
008 230606s9999||||xx |||||||||||||| ||und||
020 _a978-1-119-54092-5
040 _aJO-AjNU
_beng
_erda
_cJO-AjNU
041 _aeng
050 1 4 _aQA76.9.2020
100 3 _aTroia, Vinny, PHD,
_eauthor
_96511
245 0 0 _aHunting Cyber Criminals: A Hackerk,s Guide to Online Intelligence Gathering Tools and Techniques
250 _a1ed
264 3 1 _aCanada: Wiley, 2020
300 _a503p
336 _atext
_btxt
_2rdacontent
337 _aunmediated
_bn
_2rdamedia
338 _avolume
_bnc
_2rdacarrier
650 4 _aComputer Climes
_96512
999 _aE3380
_c3376
_d3376